| Поле | Инд. | ПП | Название | Значение |
|---|---|---|---|---|
| Тип записи | a | |||
| Библиографический уровень | m | |||
| 001 | Контрольный номер | 8543cf04-cd33-43de-80b1-27bbfa5817a0 | ||
| 005 | Дата корректировки | 20140703155621.3 | ||
| 008 | Кодируемые данные | 070919 | ||
| 020 | c | Цена, тираж | 40.00 | |
| 040 | a | Служба первич. каталог. | НБ ТвГУ | |
| 041 | a | Код языка текста | rus | |
| 080 | a | Индекс УДК | 51(075.8) | |
| a | Индекс УДК | 517.2(075.8) | ||
| 084 | a | Индекс другой классификации/Индекс ББК | В11я73-1 | |
| a | Индекс другой классификации/Индекс ББК | В161.11я73-1 | ||
| 090 | a | Полочн. индекс | В11 | |
| x | Авторский знак | Р93 | ||
| 100 | 1_ | a | Автор | Рыжиков Владимир Николаевич |
| q | Полное имя | Рыжиков В. Н. | ||
| 245 | 10 | a | Заглавие | Краткий практический курс высшей математики |
| b | Продолж. заглавия | дифференциальное исчисление функций одной и нескольких переменных : учеб. пособие для студентов немат. специальностей ун-тов | ||
| c | Ответственность | Твер. гос. ун-т | ||
| 260 | 0_ | a | Место издания | Тверь |
| b | Издательство | Тверской государственный университет | ||
| c | Дата издания | 2007 | ||
| 300 | a | Объем | 82 с. | |
| b | Иллюстрации/ тип воспроизводства | ил. | ||
| 583 | a | Действие | Получение впервые 226 17.09.2007 | |
| k | Исполнитель действия | Дар экономического факультета ТвГУ | ||
| 650 | a | Основная рубрика | Математика высшая | |
| x | Основная подрубрика | Учебники для вузов | ||
| 650 | a | Основная рубрика | Математический анализ | |
| 650 | a | Основная рубрика | Дифференциальное исчисление | |
| 653 | a | Ключевые слова | Высшая математика | |
| a | Ключевые слова | Дифференциальное исчисление | ||
| a | Ключевые слова | Математика | ||
| a | Ключевые слова | Математический анализ | ||
| a | Ключевые слова | Функции нескольких переменных | ||
| a | Ключевые слова | Функции одной переменной | ||
| a | Ключевые слова | Труды Тверского государственного университета | ||
| 710 | a | Организация/ юрисдикция | Тверской государственный университет | |
| 852 | t | Порядковый номер экземпляра | 19 | |
| p | Инвентарный номер | 884151 | ||
| p | Инвентарный номер | 884152 | ||
| p | Инвентарный номер | 884153 | ||
| p | Инвентарный номер | 884154 | ||
| p | Инвентарный номер | 884155 | ||
| p | Инвентарный номер | 884156 | ||
| p | Инвентарный номер | 884157 | ||
| p | Инвентарный номер | 884158 | ||
| p | Инвентарный номер | 884159 | ||
| p | Инвентарный номер | 884160 | ||
| p | Инвентарный номер | 884161 | ||
| p | Инвентарный номер | 884162 | ||
| p | Инвентарный номер | 884163 | ||
| p | Инвентарный номер | 884164 | ||
| p | Инвентарный номер | 884165 | ||
| p | Инвентарный номер | 884166 | ||
| p | Инвентарный номер | 884167 | ||
| p | Инвентарный номер | 884168 | ||
| p | Инвентарный номер | 884169 | ||
| 863 | t | 00179613 | ||
| 863 | t | 00179614 | ||
| 863 | t | 00179615 | ||
| 863 | t | 00179616 | ||
| 863 | t | 00179617 | ||
| 863 | t | 00179618 | ||
| 863 | t | 00179619 | ||
| 863 | t | 00179620 | ||
| 863 | t | 00179621 | ||
| 863 | t | 00179622 | ||
| 863 | t | 00179623 | ||
| 863 | t | 00179624 | ||
| 863 | t | 00179625 | ||
| 863 | t | 00179626 | ||
| 863 | t | 00179627 | ||
| 863 | t | 00179628 | ||
| 863 | t | 00179629 | ||
| 863 | t | 00179630 | ||
| 863 | t | 00179631 | ||
| 888 | a | Бесплатные | ||
| 930 | a | Новая/Ретро | учебники | |
| 952 | p | 226.2007 40.00 1 884151 | ||
| p | 226.2007 40.00 1 884152 | |||
| p | 226.2007 40.00 1 884153 | |||
| p | 226.2007 40.00 1 884154 | |||
| p | 226.2007 40.00 1 884155 | |||
| p | 226.2007 40.00 1 884156 | |||
| p | 226.2007 40.00 1 884157 | |||
| p | 226.2007 40.00 1 884158 | |||
| p | 226.2007 40.00 1 884159 | |||
| p | 226.2007 40.00 1 884160 | |||
| p | 226.2007 40.00 1 884161 | |||
| p | 226.2007 40.00 1 884162 | |||
| p | 226.2007 40.00 1 884163 | |||
| p | 226.2007 40.00 1 884164 | |||
| p | 226.2007 40.00 1 884165 | |||
| p | 226.2007 40.00 1 884166 | |||
| p | 226.2007 40.00 1 884167 | |||
| p | 226.2007 40.00 1 884168 | |||
| p | 226.2007 40.00 1 884169 | |||
| c | Вид литературы | К ру | ||
| 954 | a | Дата поступления на обработку | 20070920 | |
| 999 | a | Подразделение 2 | Фил1 |